[Event "Let's Play Chess!"]
[Site "http://www.queenalice.com/game.php?id=1604063"]
[Date "2020.3.24"]
[Round "-"]
[White "grepovsky"]
[Black "Joepac"]
[Result "1/2-1/2"]
[WhiteElo "2185"]
[BlackElo "2112"]

1. e4 c5 2. Nf3 e6 3. d4 cxd4 4. Nxd4 Nf6 5. Nc3 Bb4 6. e5 Nd5 7. Bd2 Nxc3 8.
bxc3 Be7 9. Qg4 g6 10. h4 Nc6 11. Qg3 Qa5 12. f4 Nxd4 13. cxd4 Qb6 14. Qd3 h5
15. g3 d5 16. Be2 Bd7 17. O-O a6 18. Rfb1 Qc7 19. a4 Rc8 20. c3 b5 21. axb5 Bxb5
22. Qf3 Rb8 23. Qf1 O-O 24. Bxb5 axb5 25. Rxb5 Rxb5 26. Qxb5 Rb8 27. Qd3 Kf8 28.
Rb1 Rxb1+ 29. Qxb1 Qc4 30. Kf2 Kg7 31. Qf1 Qa2 32. Qe2 Qb1 33. Qf1 Qa2 34. Qe2
Qb1 35. Qf1 Qa2 36. Qe2 1/2-1/2

[Event "Let's Play Chess!"]
[Site "http://www.queenalice.com/game.php?id=1604064"]
[Date "2020.3.24"]
[Round "-"]
[White "bobifixer"]
[Black "Joepac"]
[Result "0-1"]
[WhiteElo "1974"]
[BlackElo "2204"]

1. c4 Nf6 2. Nc3 g6 3. Nf3 Bg7 4. g3 O-O 5. d3 d5 6. cxd5 Nxd5 7. Nxd5 Qxd5 8.
Bg2 a5 9. O-O a4 10. a3 Qb5 11. Rb1 c6 12. Qc2 Be6 13. Nd2 Ba2 14. Ra1 Bd5 15.
Bxd5 cxd5 16. Rb1 Qd7 17. Nf3 Na6 18. d4 Rfc8 19. Qd3 b5 20. b4 Nc7 21. Bf4 Ne6
22. Qd2 Nxf4 23. Qxf4 Rc3 24. Ra1 Rac8 25. Ne5 Bxe5 26. Qxe5 R8c6 27. e4 Re6 28.
Qb8+ Rc8 29. Qf4 Rxe4 30. Qd2 Rc4 31. Rac1 Rexd4 32. Qe3 Re4 33. Qd2 Qc6 34.
Rcd1 e6 35. Rfe1 Rc2 36. Qd3 Rxe1+ 37. Rxe1 Rc3 38. Qd2 Qc4 39. h4 Rd3 40. Qg5
Qd4 41. h5 f6 42. Qh6 Rxg3+ 43. Kf1 Qd3+ 44. Re2 Rh3 45. Kg2 Qf3+ 0-1

[Event "Let's Play Chess!"]
[Site "http://www.queenalice.com/game.php?id=1604470"]
[Date "2020.3.27"]
[Round "-"]
[White "DAPONT"]
[Black "Joepac"]
[Result "0-1"]
[WhiteElo "2248"]
[BlackElo "2174"]

1. e4 c5 2. c3 Nf6 3. Bc4 Nxe4 4. Bxf7+ Kxf7 5. Qh5+ g6 6. Qd5+ Kg7 7. Qxe4 Nc6
8. Nf3 d5 9. Qe2 e5 10. d3 Bd6 11. O-O Bf5 12. Bg5 Qc7 13. Na3 a6 14. Nh4 Bd7
15. Rae1 h6 16. Bd2 g5 17. Nf3 Rae8 18. h3 e4 0-1

[Event "Challenge"]
[Site "http://www.queenalice.com/game.php?id=1604481"]
[Date "2020.3.27"]
[Round "-"]
[White "Joepac"]
[Black "DAPONT"]
[Result "1-0"]
[WhiteElo "2159"]
[BlackElo "2263"]

1. d4 d5 2. c4 dxc4 3. e4 Nf6 4. e5 Nd5 5. Bxc4 e6 6. Nf3 Be7 7. O-O O-O 8. Nc3
c6 9. Qc2 b6 10. Bd3 h6 11. Qe2 f5 12. exf6 Bxf6 13. Qe4 Kf7 14. Bxh6 1-0

[Event "Challenge"]
[Site "http://www.queenalice.com/game.php?id=1604488"]
[Date "2020.3.27"]
[Round "-"]
[White "ebpap123"]
[Black "Joepac"]
[Result "0-1"]
[WhiteElo "1837"]
[BlackElo "2146"]

1. e4 c5 2. Nf3 Nc6 3. d4 cxd4 4. Nxd4 g6 5. Be3 Bg7 6. Nc3 Nf6 7. Qd2 O-O 8. f3
d5 9. exd5 Nxd4 10. Bxd4 a6 11. Bc4 b5 12. Bb3 a5 13. a3 Rb8 14. O-O-O a4 15.
Ba2 b4 16. axb4 Rxb4 17. Bc5 Rb7 18. Nxa4 Bd7 19. Nc3 Qa5 20. Ba3 Rc8 21. Bb3
Rxb3 22. cxb3 Ne8 23. Rhe1 Bxc3 24. bxc3 Qxa3+ 25. Qb2 Rxc3+ 26. Kb1 Rxb3 0-1

[Event "Challenge"]
[Site "http://www.queenalice.com/game.php?id=1604489"]
[Date "2020.3.27"]
[Round "-"]
[White "Joepac"]
[Black "ebpap123"]
[Result "1-0"]
[WhiteElo "2134"]
[BlackElo "1858"]

1. d4 Nf6 2. c4 g6 3. Nc3 Bg7 4. e4 d6 5. Nf3 O-O 6. Be2 e5 7. O-O Nc6 8. d5 Nb4
9. a3 Na6 10. b4 Bg4 11. Be3 Nb8 12. c5 dxc5 13. bxc5 Nbd7 14. Rb1 Bxf3 15. Bxf3
Qc8 16. Qd2 Re8 17. g4 h5 18. gxh5 Nxh5 19. Bxh5 gxh5 20. Bh6 f6 21. Kh1 Nxc5
22. Rg1 Re7 23. Bxg7 Rxg7 24. Qh6 Qd7 25. Rxg7+ Qxg7 26. Rg1 1-0

[Event "Let's Play Chess!"]
[Site "http://www.queenalice.com/game.php?id=1606936"]
[Date "2020.4.12"]
[Round "-"]
[White "Joepac"]
[Black "bobifixer"]
[Result "1-0"]
[WhiteElo "2148"]
[BlackElo "1904"]

1. d4 Nf6 2. c4 e6 3. Nc3 Bb4 4. Qc2 O-O 5. a3 Be7 6. e4 d6 7. Nf3 c5 8. dxc5
dxc5 9. e5 Ne8 10. Bd3 g6 11. Bh6 Ng7 12. h4 Re8 13. h5 Nf5 14. hxg6 fxg6 15.
O-O-O Qa5 16. g4 Nd4 17. Nxd4 cxd4 18. Nb5 Qd8 19. Bxg6 1-0

[Event "Let's Play Chess!"]
[Site "http://www.queenalice.com/game.php?id=1606937"]
[Date "2020.4.11"]
[Round "-"]
[White "josebaron"]
[Black "Joepac"]
[Result "1-0"]
[WhiteElo "2303"]
[BlackElo "2156"]

1. e4 c5 2. Bc4 e6 3. Nc3 Nc6 4. d3 a6 5. a4 Nf6 6. h4 d5 7. Bb3 c4 8. exd5 cxb3
9. dxc6 bxc2 10. Qxc2 bxc6 11. Nf3 c5 12. Ne5 Qc7 13. Nc4 Bb7 14. Kf1 Qc6 15. f3
Nh5 16. Rh3 Qc7 17. Ne2 Rd8 18. Bd2 Qd7 19. Ra3 Be7 20. Ba5 Rb8 21. Qc3 Bf6 22.
Qc1 O-O 23. g4 e5 24. Nb6 Qe6 25. Qc4 Bc8 26. Nxc8 Qxc8 27. Bc3 1-0

[Event "Let's Play Chess!"]
[Site "http://www.queenalice.com/game.php?id=1607188"]
[Date "2020.4.12"]
[Round "-"]
[White "Joepac"]
[Black "igorjava"]
[Result "1-0"]
[WhiteElo "2139"]
[BlackElo "1960"]

1. d4 e6 2. c4 b6 3. e4 Bb7 4. Bd3 d5 5. cxd5 exd5 6. e5 c5 7. Nf3 c4 8. Bc2 Ne7
9. O-O Ng6 10. Nc3 Be7 11. Re1 Qd7 12. e6 fxe6 13. Bxg6+ hxg6 14. Ne5 Qd6 15.
Bf4 Qd8 16. Nxg6 Rf8 17. Nxf8 Kxf8 18. Rxe6 Bf6 19. Rd6 Qe7 20. Nxd5 Bxd5 21.
Rxd5 Nd7 22. Bd6 1-0

[Event "Let's Play Chess!"]
[Site "http://www.queenalice.com/game.php?id=1607479"]
[Date "2020.4.15"]
[Round "-"]
[White "igorjava"]
[Black "Joepac"]
[Result "0-1"]
[WhiteElo "1962"]
[BlackElo "2194"]

1. e4 c5 2. Nf3 Nc6 3. d4 cxd4 4. Nxd4 g6 5. f4 Bg7 6. c3 Nh6 7. Bc4 O-O 8. O-O
e6 9. Kh1 d5 10. exd5 exd5 11. Bb3 Nxd4 12. cxd4 Nf5 13. Nc3 Be6 14. Ne2 Qb6 15.
Rb1 Rac8 16. Bd2 Bxd4 17. Nxd4 Qxd4 18. Bc3 Qxd1 19. Rfxd1 Ne3 20. Rd3 Bf5 21.
Rbd1 Nxd1 22. Rxd1 Rfd8 23. Rxd5 Rxd5 24. Bxd5 Rd8 25. Bf3 b6 26. Kg1 Be6 27. a3
Bd5 28. Kf2 Bxf3 29. Kxf3 f5 30. h3 Kf7 31. Ke2 Ke6 32. h4 b5 33. g3 Kd5 34. Kd3
Kc5+ 35. Kc2 Kc4 36. b3+ Kc5 37. Bb4+ Kd4 38. Kd2 Ke4+ 39. Ke2 Rd3 40. Bc5 a6
41. a4 Rxb3 42. axb5 axb5 43. Bf2 Rb2+ 44. Kf1 Kf3 0-1

[Event "Let's Play Chess!"]
[Site "http://www.queenalice.com/game.php?id=1607480"]
[Date "2020.4.15"]
[Round "-"]
[White "igorjava"]
[Black "Joepac"]
[Result "0-1"]
[WhiteElo "1967"]
[BlackElo "2153"]

1. e4 c5 2. Nf3 Nc6 3. d4 cxd4 4. Nxd4 g6 5. c3 Bg7 6. Be3 Nf6 7. Nd2 d5 8. Nxc6
bxc6 9. e5 Ng4 10. Bc5 Bxe5 11. Nf3 Bd6 12. Bd4 e5 13. Qe2 O-O 14. Be3 Qc7 15.
h3 Nxe3 16. fxe3 e4 17. Nd4 Bg3+ 18. Kd2 c5 19. Nb3 a5 20. Qb5 a4 21. Qxc5 axb3
22. Qxc7 Bxc7 23. a3 Ba6 24. g4 f5 25. Bxa6 Rxa6 26. Rhf1 fxg4 27. hxg4 Raf6 28.
Rxf6 Rxf6 29. Ke2 Rf3 30. Rf1 Rxf1 31. Kxf1 Kf7 32. Ke2 Kf6 33. Kd2 Kg5 34. c4
Ba5+ 0-1

[Event "Let's Play Chess!"]
[Site "http://www.queenalice.com/game.php?id=1607481"]
[Date "2020.4.15"]
[Round "-"]
[White "Joepac"]
[Black "igorjava"]
[Result "1-0"]
[WhiteElo "2199"]
[BlackElo "1955"]

1. d4 e6 2. c4 b6 3. e4 Bb7 4. Bd3 d6 5. Nf3 c5 6. d5 e5 7. Nc3 Be7 8. Qe2 Nf6
9. Be3 Nbd7 10. h3 Nh5 11. g3 O-O 12. O-O Nhf6 13. Nh2 Kh8 14. f4 a6 15. f5 Ng8
16. Nf3 f6 17. g4 Qe8 18. Kh2 g6 19. Rg1 g5 20. h4 Rf7 21. hxg5 fxg5 22. Bxg5
Rg7 23. Bxe7 Rxe7 24. g5 Qh5+ 25. Kg3 Rg7 26. g6 Ndf6 27. Rh1 Qg4+ 28. Kf2 Nh5
29. Rag1 Nf4 30. Rxg4 Nxe2 31. Nxe2 Rf8 32. Ng5 Bc8 33. Nxh7 1-0

[Event "Let's Play Chess!"]
[Site "http://www.queenalice.com/game.php?id=1607696"]
[Date "2020.4.19"]
[Round "-"]
[White "Joepac"]
[Black "NimbleKnight"]
[Result "1-0"]
[WhiteElo "2256"]
[BlackElo "2219"]

1. d4 Nf6 2. c4 e6 3. Nf3 Bb4+ 4. Bd2 Qe7 5. g3 O-O 6. Bg2 Bxd2+ 7. Qxd2 Ne4 8.
Qc2 Qb4+ 9. Nbd2 Nxd2 10. Nxd2 Nc6 11. e3 Qe7 12. O-O d6 13. f4 Bd7 14. Ne4 Rab8
15. a3 f6 16. b4 Nd8 17. Nc3 b6 18. Be4 g6 19. Qd3 Kg7 20. d5 e5 21. f5 g5 22.
g4 Nf7 23. Ne2 Nd8 24. Ng3 h6 25. Kf2 Be8 26. Rh1 Bf7 27. h4 Nb7 28. hxg5 hxg5
29. Qe2 Rh8 30. Bc2 Rxh1 31. Rxh1 Rh8 32. Rxh8 Kxh8 33. Qd1 Be8 34. Ba4 Bxa4 35.
Qxa4 a5 36. Qc6 Nd8 37. Qa8 axb4 38. axb4 Kh7 39. Ne4 Nf7 40. c5 bxc5 41. bxc5
dxc5 42. Qc6 Kg7 43. Nxc5 Nd8 44. Ne6+ Kf7 45. Qxc7 Qxc7 46. Nxc7 Ke7 47. Ne6
Nf7 48. Kf3 Nd6 49. Nc5 Nf7 50. Ne4 Nh6 51. d6+ Kd7 52. Nxf6+ Kxd6 53. Ne4+ Ke7
54. Nxg5 Kf6 55. Ne4+ Kg7 56. Ng5 Kf6 57. Ne4+ Ke7 58. Kg3 Nf7 59. g5 Ke8 60.
Kg4 Ke7 61. g6 Nh6+ 62. Kg5 Ng8 63. f6+ Kf8 64. g7+ Kf7 65. Nd6+ Ke6 66. f7 Kxd6
67. f8=Q+ Ne7 68. g8=Q 1-0

[Event "AUTO-MASTER-2948"]
[Site "http://www.queenalice.com/game.php?id=1608445"]
[Date "2020.4.20"]
[Round "1"]
[White "clovis"]
[Black "Joepac"]
[Result "0-1"]
[WhiteElo "2028"]
[BlackElo "2266"]

1. e4 c5 2. Nf3 Nc6 3. Bb5 g6 4. O-O Bg7 5. c3 Nf6 6. e5 Nd5 7. d4 cxd4 8. cxd4
O-O 9. Nc3 Nc7 10. Bc4 d6 11. exd6 Qxd6 12. Re1 Nxd4 13. Nxd4 Bxd4 14. Bh6 Rd8
15. Qf3 Be6 16. Bxe6 Nxe6 17. Rad1 Qb4 18. Nd5 Qd6 19. Nc3 Qb6 20. Nd5 Rxd5 21.
Qxd5 Bxf2+ 22. Kh1 Bxe1 23. Rxe1 Rd8 24. Qe5 f6 25. Qe2 Qd6 26. h3 Kf7 27. b4
Nd4 28. Qc4+ Qd5 29. Qc7 Ne6 30. Qc3 g5 31. h4 gxh4 32. Qh3 Rg8 33. Rg1 Qxa2 34.
Qxh4 Qe2 35. Qh3 Qg4 0-1

[Event "AUTO-MASTER-2948"]
[Site "http://www.queenalice.com/game.php?id=1608446"]
[Date "2020.4.20"]
[Round "1"]
[White "Joepac"]
[Black "clovis"]
[Result "1-0"]
[WhiteElo "2248"]
[BlackElo "2110"]

1. d4 d5 2. c4 c6 3. Nf3 Nf6 4. Nc3 e6 5. Bg5 dxc4 6. e4 b5 7. e5 h6 8. Bh4 g5
9. Nxg5 hxg5 10. Bxg5 Be7 11. exf6 Bxf6 12. Bxf6 Qxf6 13. g3 Bb7 14. Bg2 Na6 15.
Ne4 Qe7 16. O-O O-O-O 17. a4 e5 18. Qg4+ Kb8 19. axb5 Nb4 20. bxc6 Nxc6 21. dxe5
Qxe5 22. Nc3 Qf6 23. Qxc4 Ne5 24. Qe2 Rd2 25. Qxd2 Nf3+ 26. Bxf3 Qxf3 27. Qd6+
Ka8 28. Rxa7+ 1-0

[Event "AUTO-MASTER-2948"]
[Site "http://www.queenalice.com/game.php?id=1608459"]
[Date "2020.4.20"]
[Round "1"]
[White "Joepac"]
[Black "Anusha"]
[Result "1-0"]
[WhiteElo "2262"]
[BlackElo "1989"]

1. d4 d5 2. c4 c6 3. Nf3 Nf6 4. Nc3 e6 5. Bg5 Nbd7 6. e3 Be7 7. Qc2 h6 8. Bh4
O-O 9. Rc1 Re8 10. Bd3 a6 11. O-O Qc7 12. c5 b6 13. b4 a5 14. Bg3 Qd8 15. b5
cxb5 16. c6 Nf8 17. c7 Qd7 18. Bxb5 1-0

[Event "AUTO-MASTER-2948"]
[Site "http://www.queenalice.com/game.php?id=1608460"]
[Date "2020.4.20"]
[Round "1"]
[White "Anusha"]
[Black "Joepac"]
[Result "0-1"]
[WhiteElo "1959"]
[BlackElo "2271"]

1. d4 Nf6 2. Nf3 g6 3. c3 Bg7 4. Bg5 O-O 5. e3 d5 6. Be2 c5 7. h3 Ne4 8. Bf4 b6
9. O-O Bb7 10. Nbd2 Nd7 11. c4 Nxd2 12. Qxd2 cxd4 13. exd4 dxc4 14. Bxc4 Bxf3
15. gxf3 Nf6 16. Rad1 Qc8 17. b3 Qxh3 18. Bg3 Nh5 19. Qg5 Nxg3 20. Qxg3 Qd7 21.
Kg2 b5 0-1

[Event "AUTO-MASTER-2948"]
[Site "http://www.queenalice.com/game.php?id=1608461"]
[Date "2020.4.20"]
[Round "1"]
[White "Joepac"]
[Black "grepovsky"]
[Result "1-0"]
[WhiteElo "2236"]
[BlackElo "2243"]

1. d4 Nf6 2. c4 g6 3. Nc3 Bg7 4. e4 d6 5. Nf3 O-O 6. Be2 e5 7. O-O Nc6 8. d5 Ne7
9. Ne1 Nd7 10. Nd3 f5 11. Bd2 Nf6 12. f3 f4 13. c5 g5 14. Rc1 Ng6 15. cxd6 cxd6
16. Nb5 Rf7 17. Qc2 Qb6+ 18. Nf2 h5 19. a4 g4 20. Nc7 Rb8 21. a5 Qd4 22. Nb5 1-0

[Event "AUTO-MASTER-2948"]
[Site "http://www.queenalice.com/game.php?id=1608462"]
[Date "2020.4.20"]
[Round "1"]
[White "grepovsky"]
[Black "Joepac"]
[Result "0-1"]
[WhiteElo "2252"]
[BlackElo "2223"]

1. e4 c5 2. Nf3 Nc6 3. d4 cxd4 4. Nxd4 g6 5. c4 Nf6 6. Nc3 Nxd4 7. Qxd4 d6 8. f3
Bg7 9. Be3 O-O 10. Qd2 Be6 11. Be2 Rc8 12. b3 d5 13. exd5 Nxd5 14. Nxd5 Bxa1 15.
O-O Bg7 16. Rd1 b6 17. h4 Bxd5 18. cxd5 Qd6 0-1